000
00227 a2200097 4500
001
1447
100
_a
Shigley, J.E
245
_a
Iesting and inspection of engineering materials
260
_a
_b
Mcgrawhill
_c
090
_c
990
_d
990
942
_a
NUST-CAE
_c
M
_c
36822
999
_c
236520
_d
236520